| 000 | 01253cam a2200349 i 4500 | ||
|---|---|---|---|
| 001 | 21210771 | ||
| 003 | EG-ScBUE | ||
| 005 | 20211216151240.0 | ||
| 008 | 190919t2020 caua f 000 0 eng d | ||
| 020 | _a9781681985749 | ||
| 035 | _a(OCoLC)on1137822027 | ||
| 040 |
_aYDX _beng _erda _cYDX _dBDX _dOCLCQ _dSINLB _dYDXIT _dOCLCO _dOCLCF _dDLC _dEG-ScBUE |
||
| 082 | 0 | 4 |
_a778.936 _bNEI _222 |
| 100 | 1 |
_aNeill, William _c(Photographer), _eauthor, _ephotographer. |
|
| 245 | 1 | 0 |
_aLight on the landscape : _bphotographs and lessons from a life in photography / _cWilliam Neill. |
| 250 | _aFirst edition. | ||
| 264 | 1 |
_aSan Rafael, CA : _bRocky Nook, Inc., _c[2020] |
|
| 264 | 4 | _cc2020 | |
| 300 |
_axv, 274 pages : _billustrations (chiefly color) ; _c26 cm |
||
| 336 |
_atext _btxt _2rdacontent |
||
| 336 |
_astill image _bsti _2rdacontent |
||
| 337 |
_aunmediated _bn _2rdamedia |
||
| 338 |
_avolume _bnc _2rdacarrier |
||
| 650 | 7 |
_aLandscape photography. _2BUEsh |
|
| 650 | 7 |
_aOutdoor photography. _2BUEsh |
|
| 650 | 7 |
_aPhotography, Artistic. _2BUEsh |
|
| 653 |
_bART _cDecember2021 |
||
| 655 |
_vReading book _934232 |
||
| 906 |
_a7 _bcbc _ccopycat _d2 _encip _f20 _gy-gencatlg |
||
| 942 |
_2ddc _cBB |
||
| 999 |
_c29724 _d29695 |
||